000 00730nam a2200217Ia 4500
008 220216s9999 xx 000 0 und d
100 _aSumesh K V
245 0 _aDrought tolerance in Transgenic MnSOD Hevea brasiliensis in a dry humid environment
260 _bIRC 2012. International Rubber Conference, 28-31 October 2012, Kovalam, India, Rubber Research Institute of India, Kottayam and IRRDB, Malaysia: Abstracts. pp.195.
650 _aDrought tolerance
700 _aAnnamalainathan K
700 _aJacob J
700 _aJayashree R
700 _aKrishnakumar R
700 _aRavichandran S
700 _aSatheesh P R
700 _aSingh M
700 _aSreelatha S
700 _aThulaseedharan A
942 _cJS
999 _c57384
_d57384